000 01609nam0a2200373 4500
001 RU\NLR\bibl\1409494
005 20260407065148.0
010 _a978-5-17-057907-5
_bАСТ)(Внекл. чт.
010 _a978-5-271-23019-6
_bАстрель)(Внекл. чт.
010 _a978-5-271-23062-2
_bАстрель)(Любимое чт.
010 _a978-5-17-057981-5
_94000
_bАСТ)(Любимое чт.
021 _aRU
_b2009-53247
_93281
035 _a(nilc)RSL-KNO-004351295
035 _a(NLR Aleph) 001401481
090 _a1225226
_c1225226
100 _a20090629d2009 |||y0rusy50 ca
101 1 _arus
_cswe
102 _aRU
105 _aa zzzz|||||
200 1 _aКалле Блюмквист и Расмус
_eповесть
_e[для среднего школьного возраста]
_fАстрид Линдгрен
_gпер. с шведского Н. Городинской-Валлениус
_gхудож. Б. Тржмецкий
210 _aМосква
_cАСТ
_cАстрель
_d2009
215 _a219, [1] с.
_cил.
_d21
225 1 _aЛюбимое чтение
686 _aШ9(2)72(4Шв)
_2rubbk
686 _aШ9(4Шв)62-4
700 1 _4070
_8rus
_7ca
_aЛиндгрен
_bА.
_f1907-2002
_gАстрид
_3RU\NLR\auth\7715976
_9125621
702 1 _4040
_8rus
_7ca
_aТржемецкий
_bБ. В.
_cхудожник
_f1950-
_gБорис Владимирович
_3RU\NLR\auth\7777965
_960893
801 0 _aRU
_bРКП
_c20090629
_grcr
801 1 _aRU
_bРГБ
_c20090629
801 2 _aRU
_bNLR
_c20090908
_grcr
942 _cBOOK
980 _aNB